[Event "Madurai Athens of the East op-C 1st"]
[Site "Madurai"]
[Date "2019.08.16"]
[Round "9"]
[White "Mrityunjay, Kumar Ojha"]
[Black "Bala, Ganeshan"]
[Result "1-0"]
[WhiteElo "1530"]
[BlackElo "1416"]
[PlyCount "71"]
[EventDate "2019.08.14"]
[EventType "swiss"]
[EventRounds "10"]
[EventCountry "IND"]
[SourceTitle "EXT 2022"]
[Source "ChessBase"]
[SourceDate "2021.10.06"]
[SourceVersion "1"]
[SourceVersionDate "2021.10.06"]
[SourceQuality "1"]

1. e4 e5 2. Nf3 Nc6 3. Bb5 Nf6 4. d3 d6 5. 0-0 Be7 6. Re1 0-0 7. h3 h6 8. c3 a6 9. Ba4 b5 10. Bc2 Bb7 11. Nbd2 Nb8 12. Nf1 Nh7 13. Ne3 Ng5 14. Nf5 Nxf3+ 15. Qxf3 Bg5 16. Qg3 Qf6 17. f4 Bxf4 18. Bxf4 exf4 19. Qxf4 Nd7 20. d4 Rae8 21. h4 Kh8 22. Re3 Rg8 23. Rf1 Qg6 24. Rg3 Qe6 25. Bb3 Qxe4 26. Bxf7 Qxf4 27. Rxf4 Nf6 28. Bxe8 Rxe8 29. Nxg7 Re1+ 30. Kf2 Ne4+ 31. Kxe1 Nxg3 32. Ne8 Nh5 33. Rf5 Ng3 34. Rf8+ Kh7 35. Rf7+ Kg6 36. Rg7+ 1-0

[Event "Madurai Athens of the East op-C 1st"]
[Site "Madurai"]
[Date "2019.08.16"]
[Round "7"]
[White "Mrityunjay, Kumar Ojha"]
[Black "Vishnu, Ram M"]
[Result "1-0"]
[WhiteElo "1530"]
[BlackElo "1392"]
[PlyCount "105"]
[EventDate "2019.08.14"]
[EventType "swiss"]
[EventRounds "10"]
[EventCountry "IND"]
[SourceTitle "EXT 2022"]
[Source "ChessBase"]
[SourceDate "2021.10.06"]
[SourceVersion "1"]
[SourceVersionDate "2021.10.06"]
[SourceQuality "1"]

1. e4 c5 2. Nf3 d6 3. d4 cxd4 4. Nxd4 Nf6 5. Nc3 a6 6. Be3 e6 7. Be2 Be7 8. 0-0 0-0 9. a4 b6 10. Nb3 Bb7 11. Qd4 Nfd7 12. Qd2 Nc6 13. Bf4 Qc7 14. Rfd1 Nde5 15. Bg5 Rfd8 16. Bxe7 Nxe7 17. Qe3 d5 18. f4 N5g6 19. e5 Nf5 20. Qf2 Ngh4 21. Bd3 d4 22. Bxf5 Nxf5 23. Nxd4 Ne7 24. Rd2 Rd7 25. Rad1 Rad8 26. Nb3 Nd5 27. Ne4 Qc6 28. Rd4 h6 29. a5 Ba8 30. axb6 Nxb6 31. Nd6 Rb8 32. Rb4 Qc7 33. Nc5 Qc6 34. Nxa6 Rbb7 35. Nc5 Rbc7 36. Rxb6 Qxb6 37. Nxd7 Qxf2+ 38. Kxf2 Rxc2+ 39. Ke3 Rxb2 40. Rc1 Bxg2 41. Rc8+ Kh7 42. Nf8+ Kg8 43. Nxe6+ Kh7 44. Nxf7 Bh3 45. Re8 Rxh2 46. Nf8+ Kg8 47. Nd6 h5 48. f5 g5 49. f6 Bg4 50. f7+ Kg7 51. Ne6+ Bxe6 52. f8Q+ Kh7 53. Re7+ 1-0

[Event "India Cities-ch 19th"]
[Site "Khalpara"]
[Date "2018.08.01"]
[Round "1.3"]
[White "Mrityunjay, Kumar Ojha"]
[Black "Srijit, Paul1111"]
[Result "0-1"]
[WhiteElo "1498"]
[BlackElo "2347"]
[PlyCount "50"]
[EventDate "2018.08.01"]
[EventType "team-swiss"]
[EventRounds "7"]
[EventCountry "IND"]
[SourceTitle "CBM 186 Extra"]
[Source "ChessBase"]
[SourceDate "2018.08.24"]
[SourceVersion "1"]
[SourceVersionDate "2018.08.24"]
[SourceQuality "1"]
[WhiteTeam "Kishanganj Cities II"]
[BlackTeam "Kolkata City"]
[WhiteTeamCountry "IND"]
[BlackTeamCountry "IND"]

1. e4 Nf6 2. Nc3 d5 3. exd5 Nxd5 4. Bc4 Be6 5. Bb3 Nxc3 6. bxc3 Qd6 7. Qe2 Bxb3 8. axb3 Nc6 9. Nf3 Qg6 10. d4 Qxg2 11. Rg1 Qh3 12. d5 Nd8 13. Ba3 Qh6 14. Rd1 a6 15. Rg5 e6 16. Bxf8 Kxf8 17. Qe3 exd5 18. Qc5+ Kg8 19. Rgxd5 Ne6 20. Qe7 Rf8 21. Ne5 Qxh2 22. Nd7 Qh1+ 23. Ke2 Nf4+ 24. Ke3 Nxd5+ 25. Rxd5 Qe1+ 0-1

[Event "IND-ch U25 26th"]
[Site "Port Blair"]
[Date "2017.07.16"]
[Round "5"]
[White "Akshay, V Halagannavar"]
[Black "Mrityunjay, Kumar Ojha"]
[Result "1-0"]
[WhiteElo "1949"]
[BlackElo "1422"]
[PlyCount "69"]
[EventDate "2017.07.13"]
[EventType "swiss"]
[EventRounds "9"]
[EventCountry "IND"]
[SourceTitle "EXT 2018"]
[Source "ChessBase"]
[SourceDate "2017.10.13"]
[SourceVersion "1"]
[SourceVersionDate "2017.10.13"]
[SourceQuality "1"]

1. e4 c5 2. b4 cxb4 3. a3 e6 4. axb4 Bxb4 5. c3 Be7 6. d4 d5 7. e5 Nh6 8. Qh5 Nf5 9. Nf3 Nc6 10. g4 g6 11. Qh3 Nh4 12. Nxh4 Bxh4 13. Bd3 Bg5 14. Nd2 Bd7 15. 0-0 Bf4 16. Nf3 Bxc1 17. Raxc1 Qe7 18. c4 Nb4 19. Be2 dxc4 20. Bxc4 Bc6 21. Nd2 h5 22. Be2 Rg8 23. Nc4 hxg4 24. Bxg4 f5 25. exf6 Qxf6 26. Rfe1 Kd8 27. Rxe6 Qg5 28. Rd6+ Kc7 29. Qh7+ Bd7 30. Ne3+ Nc6 31. Rdxc6+ bxc6 32. Qxd7+ Kb8 33. Rb1+ Qb5 34. Rxb5+ cxb5 35. Nd5 1-0

[Event "IND-ch U25 26th"]
[Site "Port Blair"]
[Date "2017.07.13"]
[Round "1"]
[White "Shyam, Nikil P"]
[Black "Mrityunjay, Kumar Ojha"]
[Result "1-0"]
[WhiteElo "2450"]
[BlackElo "1422"]
[PlyCount "129"]
[EventDate "2017.07.13"]
[EventType "swiss"]
[EventRounds "9"]
[EventCountry "IND"]
[SourceTitle "EXT 2018"]
[Source "ChessBase"]
[SourceDate "2017.10.13"]
[SourceVersion "1"]
[SourceVersionDate "2017.10.13"]
[SourceQuality "1"]

1. Nf3 d5 2. b3 Bf5 3. Bb2 e6 4. g3 Nf6 5. Bg2 Nbd7 6. d3 Bb4+ 7. Nbd2 0-0 8. 0-0 c6 9. a3 Bc5 10. Qe1 Nb6 11. e4 Bg6 12. Qe2 Bh5 13. h3 Nbd7 14. Kh1 Ne8 15. c4 Be7 16. Rfe1 Bf6 17. d4 a5 18. Qe3 Nc7 19. Nh2 a4 20. f4 Bg6 21. Ng4 Nb6 22. Qf2 dxe4 23. Nxf6+ Qxf6 24. b4 Nc8 25. Bxe4 Nd6 26. Bg2 Bd3 27. Rac1 Rac8 28. Re3 Bg6 29. g4 h6 30. Nf1 Qd8 31. c5 Nde8 32. f5 exf5 33. gxf5 Bh7 34. Rg3 Nd5 35. Re1 Nef6 36. Re5 Re8 37. Nd2 Nd7 38. Rxe8+ Qxe8 39. Nc4 Qe7 40. Nd6 Rb8 41. Bc1 Kh8 42. Bxd5 cxd5 43. Bf4 Rg8 44. Qe2 Qf6 45. Be5 Nxe5 46. Qxe5 Rf8 47. Qxf6 gxf6 48. b5 h5 49. c6 bxc6 50. bxc6 Bxf5 51. Nxf5 Rc8 52. Rc3 Rc7 53. Ne3 f5 54. Nxd5 Rc8 55. c7 f4 56. Ne7 Rxc7 57. Rxc7 f3 58. Nf5 f2 59. Kg2 f1Q+ 60. Kxf1 f6 61. d5 h4 62. d6 Kg8 63. Re7 Kf8 64. d7 Kg8 65. d8Q# 1-0